Štátna pomoc ako hlavný pilier konkurenčnej politiky Európskej únie
Politika hospodárskej súťaže v Európskej únii a jej hlavné oblasti pôsobenia. Príspevok je zameraný na oblasť štátnej pomoci a jej monitorovanie. Štátna podmoc (podpora) je doménou konkurenčnej politiky. Formy podpory. Kontrola štátnej pomoci je súčasťou ochrany hospodárskej súťaže.
Salvato in:
| Autore principale: | |
|---|---|
| Natura: | Capitolo di libro |
| Lingua: | slovacco |
| Soggetti: | |
| Tags: |
Nessun Tag, puoi essere il primo ad aggiungerne!!
|
MARC
| LEADER | 00000naa$a2200000$$$4500 | ||
|---|---|---|---|
| 001 | 0015086 | ||
| 005 | 20240502071400.5 | ||
| 041 | 0 | |a slo | |
| 044 | |a SK | ||
| 245 | 1 | 0 | |a Štátna pomoc ako hlavný pilier konkurenčnej politiky Európskej únie |c Mária Tokárová |
| 520 | |a Politika hospodárskej súťaže v Európskej únii a jej hlavné oblasti pôsobenia. Príspevok je zameraný na oblasť štátnej pomoci a jej monitorovanie. Štátna podmoc (podpora) je doménou konkurenčnej politiky. Formy podpory. Kontrola štátnej pomoci je súčasťou ochrany hospodárskej súťaže. | ||
| 610 | 2 | 0 | |a pomoc štátna |
| 610 | 2 | 0 | |a súťaž hospodárska |
| 610 | 2 | 0 | |a koncepcie |
| 610 | 2 | 0 | |a Európska únia |
| 610 | 2 | 0 | |a podpory |
| 610 | 2 | 0 | |a konkurencieschopnosť |
| 610 | 2 | 0 | |a trh spoločný |
| 100 | 1 | |a Tokárová, Mária | |